|
|
|
|
| LEADER |
02238nam a2200505 a 4500 |
| 001 |
nkc20142651539 |
| 003 |
CZ PrNK |
| 005 |
20170208073302.0 |
| 007 |
ta |
| 008 |
150401s2014 xr a e 000 0 cze |
| 015 |
|
|
|a cnb002651539
|
| 020 |
|
|
|a 978-80-904531-8-0
|q (Asociace institucí vzdělávání dospělých ČR ;
|q brož.)
|
| 035 |
|
|
|a (OCoLC)908820985
|
| 040 |
|
|
|a ABA001
|b cze
|
| 041 |
0 |
|
|a cze
|a pol
|a slo
|b cze
|b eng
|b pol
|
| 044 |
|
|
|a xr
|a xo
|a pl
|
| 072 |
|
7 |
|a 374
|x Výchova a vzdělávání dospělých. Mimoškolní výchova a vzdělávání
|2 Konspekt
|9 22
|
| 080 |
|
|
|a 374.7-053.9
|2 MRF
|
| 080 |
|
|
|a 316.728-026.12-053.9
|2 MRF
|
| 080 |
|
|
|a 378:374.72
|2 MRF
|
| 080 |
|
|
|a (062.552)
|2 MRF
|
| 245 |
0 |
0 |
|a Nové trendy ve vzdělávání seniorů :
|b [česko-polsko-slovenské studie z andragogiky a sociální gerontologie] = Nowe trendy w edukacji seniorów : [Czesko-Polsko-Słowackie studia z zakresu andragogiki i gerontologii społecznej] /
|c redakcja naukowa Miroslav Krystoň, Michal Šerák, Łukasz Tomczyk
|
| 246 |
3 |
1 |
|a Nowe trendy w edukacji seniorów
|
| 250 |
|
|
|a Wyd. 1.
|
| 260 |
|
|
|a Banská Bystrica ;
|a Praha ;
|a Kraków :
|b Asociace institucí vzdělávání dospělých ČR,
|c 2014
|
| 300 |
|
|
|a 252 s. :
|b il. ;
|c 22 cm
|
| 500 |
|
|
|a 200 výt.
|
| 504 |
|
|
|a Obsahuje bibliografie a bibliografické odkazy
|
| 546 |
|
|
|a Část. český, polský, a slovenský text, česká, anglická a polská resumé
|
| 650 |
0 |
7 |
|a vzdělávání seniorů
|7 ph478599
|2 czenas
|
| 650 |
0 |
7 |
|a aktivní stárnutí
|7 ph799380
|2 czenas
|
| 650 |
0 |
7 |
|a univerzity třetího věku
|7 ph747070
|2 czenas
|
| 650 |
0 |
9 |
|a older adult education
|2 eczenas
|
| 650 |
0 |
9 |
|a active aging
|2 eczenas
|
| 650 |
0 |
9 |
|a universities of the third age
|2 eczenas
|
| 655 |
|
7 |
|a sborníky
|7 fd724344
|2 czenas
|
| 655 |
|
9 |
|a papers
|2 eczenas
|
| 700 |
1 |
|
|a Krystoň, Miroslav,
|d 1964-
|7 osd2014831368
|4 edt
|4 wfw
|
| 700 |
1 |
|
|a Šerák, Michal,
|d 1976-
|7 jx20090609040
|4 edt
|4 wfw
|4 aut
|
| 700 |
1 |
|
|a Tomczyk, Łukasz
|4 edt
|4 wfw
|4 aut
|
| 910 |
2 |
|
|a BOA001
|b 2-1382.383
|
| 928 |
9 |
|
|a Stowarzyszenie gerontologów społecznych
|
| 990 |
|
|
|a BK
|
| 995 |
|
|
|a 01
|
| 996 |
6 |
|
|b 2610696756
|c 2-1382.383
|l MZK
|r Sklad / do 1 hodiny
|n 5
|p p.v.
|w 001598946
|u 000010
|a 1
|e BOA001
|j MZK50
|s P
|